LEADER 01303nam a2200277 i 4500 001 991001889189707536 005 20020508183324.0 008 010227s1991 it ||| | ita 035 $ab1092789x-39ule_inst 035 $aPARLA150636$9ExL 040 $aDip.to Scienze dell'Antichità$bita 100 1 $aMastino, Attilio$0185339 245 12$aL'Africa romana :$batti dell'8. convegno di studio :$bSassari, 14-16 dicembre 1990 /$ca cura di Attilio Mastino 260 $aSassari :$bGallizzi,$cc1991 300 $a2 v. (1178 p. compless) ;$c21 cm. 490 0 $aPubblicazioni del Dipartimento di Storia dell'Università degli Studi di Sassari ;$v18 650 4$aCongressi 651 4$aAfrica$xStoria$xCongressi$y1990 907 $a.b1092789x$b23-02-17$c28-06-02 912 $a991001889189707536 945 $aLE001 AR IX 90/8-8a$c2 voll$g1$i2001000073733$i2001000073672$lle001$op$pE0.00$q-$rl$s- $t0$u0$v0$w0$x0$y.i13922269$z10-11-04 945 $aLE015 00 - 216/1$cV. 1$g1$i2015000052100$lle007$o-$pE0.00$q-$rl$s- $t0$u0$v0$w0$x0$y.i11032406$z28-06-02 945 $aLE015 00 - 216/2$cV. 2$g1$i2015000052117$lle007$o-$pE0.00$q-$rl$s- $t0$u0$v0$w0$x0$y.i11032418$z28-06-02 996 $aAfrica romana$9211560 997 $aUNISALENTO 998 $ale001$a(2)le007$b01-01-01$cm$da $e-$fita$git $h2$i3